Представление документа в формате MARC21

Поле Инд. ПП Название Значение
Тип записи a
Библиографический уровень b
001 Контрольный номер RU/IS/BASE/465906657
005 Дата корректировки 20200522191706.7
008 Кодируемые данные 20141006
040 b Код языка каталог. rus
e Правила каталог. PSBO
041 0_ a Код языка текста rus
084 a Индекс другой классификации/Индекс ББК 63.3(5Япо)4-3; 66.01
100 1_ a Автор Родин С. А.
q Полное имя Родин Степан Алексеевич
245 10 a Заглавие Отношения между личностью и государством в Древней Японии
b Продолж. заглавия (по материалам жизнеописаний исторической хроники "Сёку нихонги")
504 a Библиография Библиогр. - Примеч.: с. 72 - 73
520 0_ a Аннотация В статье на основе анализа структурных особенностей сообщений исторической хроники "Сёку нихонги" (797 г.), в которых приводятся жизнеописания государственных чиновников и буддийских монахов, предпринимается попытка выявления специфики отношений между личностью и государством в Японии VIII в. Наибольшее внимание уделяется таким структурным компонентам жизнеописаний, как запись имени, генеалогические сведения и перечисление личных качеств персонажа. Делаются выводы относительно того, какими качествами должен обладать чиновник, чтобы его деятельность была оценена положительно. Отдельно также рассматриваются жизнеописания, содержащие общую негативную оценку деятельности персонажа
650 a Основная рубрика внутренняя политика
a Основная рубрика история
a Основная рубрика политика
a Основная рубрика политическая философия (философия политики)
a Основная рубрика философия
653 a Ключевые слова "Сёку нихонги"
a Ключевые слова VIII век
a Ключевые слова буддийские монахи
a Ключевые слова генеалогия
a Ключевые слова государственные деятели
a Ключевые слова государство
a Ключевые слова Древняя Япония
a Ключевые слова женщины
a Ключевые слова жизнеописания
a Ключевые слова исторические хроники
a Ключевые слова личность
a Ключевые слова Нара (эпоха)
a Ключевые слова проблема личности
a Ключевые слова родовое имя
a Ключевые слова чиновники
a Ключевые слова Япония
773 08 t Заглавие источника Вопросы философии
d Дата издания источника 2014
g Прочая информация № 2. - С. 63 - 73
w Контрольный № источника RU/IS/BASE/447182063
901 t Тип документа b